000 00643nam a2200229Ia 4500
005 20250425162619.0
008 250425s9999 xx 000 0 und d
020 _a9789978672044
041 _aspa
082 _a327.866
100 _aDONOSO MORENO, CLAUDIA
245 0 _aECUADOR-PERU: EVALUACION DE UNA DECADA DE PAZ Y DESARROLLO
250 _a1A ED.
260 _aEcuador
_bFLACSO. SEDE ECUADOR: CORPORACION ANDINA DE FOMENRTOI
_c2009
260 _aS.L.
300 _a295
650 _aACUERDOS INTERNACIONALES
650 _aCONVENIOS-ECUADOR-PERU
650 _aECUADOR-RELACIONES EXTERIORES
942 _c01
010 _a90438
999 _c232858
_d232858